Вертикальная миграция радионуклидов [137]Cs и [90]Sr в почвах 30-км зоны; АНРИ; Аппаратура и новости радиационных измерений; № 2

Detalles Bibliográficos
Parent link:АНРИ.— , 2000-
Аппаратура и новости радиационных измерений: научно-информационный журнал/ Доза ; Государственный комитет по санэпиднадзору РФ ; Метрологическая академия РФ
№ 2.— 2003.— С. 30-36
Autor principal: Рудая С. М.
Otros Autores: Чистик О. В., Жукова О. М.
Lenguaje:ruso
Publicado: 2003
Colección:Измерения
Materias:
Formato: Capítulo de libro
KOHA link:https://koha.lib.tpu.ru/cgi-bin/koha/opac-detail.pl?biblionumber=386818

MARC

LEADER 00000naa2a2200000 4500
001 386818
005 20231101063523.0
035 |a (RuTPU)RU\TPU\prd\15925 
090 |a 386818 
100 |a 20030702a2003 k y0rusy50 ca 
101 0 |a rus 
102 |a RU 
200 1 |a Вертикальная миграция радионуклидов [137]Cs и [90]Sr в почвах 30-км зоны  |f С. М. Рудая, О. В. Чистик, О. М. Жукова 
225 1 |a Измерения 
320 |a Библиогр.: 11 назв. 
461 1 |0 (RuTPU)RU\TPU\prd\1302  |t АНРИ  |d 2000- 
461 |t Аппаратура и новости радиационных измерений  |o научно-информационный журнал  |f Доза ; Государственный комитет по санэпиднадзору РФ ; Метрологическая академия РФ 
463 1 |0 (RuTPU)RU\TPU\prd\15371  |t № 2  |v С. 30-36  |d 2003 
610 1 |a радионуклиды 
610 1 |a исследование 
610 1 |a радиационные аварии 
610 1 |a Чернобыльская АЭС 
610 1 |a миграция 
700 1 |a Рудая  |b С. М. 
701 1 |a Чистик  |b О. В. 
701 1 |a Жукова  |b О. М. 
801 1 |a RU  |b 63413507  |c 20030702  |g PSBO 
801 2 |a RU  |b 63413507  |c 20120321  |g RCR 
942 |c BK